Con fondo de chistu / (Record no. 149766)

MARC details
000 -LEADER
campo de control de longitud fija 00448nam a2200157 i 4500
001 - NÚMERO DE CONTROL
campo de control 149766
003 - IDENTIFICADOR DE NÚMERO DE CONTROL
campo de control ES-MaACL
005 - FECHA Y HORA DE LA ÚLTIMA TRANSACCIÓN
campo de control 20230906203241.0
007 - CAMPO FIJO DE DESCRIPCIÓN FÍSICA--INFORMACIÓN GENERAL
campo de control de longitud fija t|
008 - DATOS DE LONGITUD FIJA--INFORMACIÓN GENERAL
campo de control de longitud fija 071024s1965 sp ||||1| spa d
100 1# - ENTRADA PRINCIPAL--NOMBRE DE PERSONA
Nombre de persona Valverde, Antonio.
9 (RLIN) 113001
245 10 - MENCIÓN DEL TÍTULO
Título Con fondo de chistu /
Mención de responsabilidad, etc. Antonio Valverde (Ayalde).
260 ## - PUBLICACIÓN, DISTRIBUCIÓN, ETC.
Lugar de publicación, distribución, etc. San Sebastián :
Nombre del editor, distribuidor, etc. Auñamendi,
Fecha de publicación, distribución, etc. [1965]
300 ## - DESCRIPCIÓN FÍSICA
Extensión 166 p. :
Otras características físicas il. ;
Dimensiones 19 cm.
852 ## - LOCALIZACIÓN
Ubicación ES-MaACL
Número de control de estantería C-28301
Sublocalización o colección R.57689
Holdings
Estatus retirado Estado de pérdida Estado de daño No para préstamo Biblioteca de origen Biblioteca actual Ubicación en estantería Fecha de adquisición Fuente de adquisición Total de préstamos Signatura topográfica completa Código de barras Visto por última vez Precio de reemplazo Tipo de ítem Koha
        Biblioteca del Ateneo de Madrid Biblioteca del Ateneo de Madrid Depósito 2 17/01/2008     C-28301 1156282 23/02/2023 23/02/2023 Libro impreso